| 000 | 00528nam a2200193 i 4500 | ||
|---|---|---|---|
| 001 | 105823 | ||
| 003 | ES-MaACL | ||
| 007 | t| | ||
| 008 | 060830s1959 fr ||||1| fre d | ||
| 080 | _a929 Morin, Edgar:32 | ||
| 080 | _a32:929 Morin, Edgar | ||
| 100 | 1 |
_aMorin, Edgar. _983564 |
|
| 245 | 1 | 0 |
_aAutocritique / _cEdgar Morin. |
| 260 |
_aParis : _bRené Julliard, _c[1959] |
||
| 300 |
_a285 p. ; _c19 cm. |
||
| 500 | _aBiblioteca Juan Andrade. | ||
| 600 | 1 | 4 |
_aMorin, Edgar. _983564 |
| 852 |
_aES-MaACL _jAND-650 _bR.109947 |
||
| 999 |
_c105823 _d105823 |
||